Statistiques concernant Chanteurs et groupes par lettre - E

Cliquez ici pour prendre le quiz!

Statistiques générales

  • Ce quiz a été pris 523 fois
    (487 depuis la dernière actualisation)
  • Le résultat moyen est 10 sur 16

Statistiques - réponses

Période d’activitéPaysChansonsGroupe ou artiste% Correct
1936 - 1963La Vie en Rose | Non, je ne regrette rienÉdith Piaf
94%
2011 -Thinking Out Loud | Shape of YouEd Sheeran
89%
1996 -Lose Yourself | ‘Till I CollapseEminem
79%
1972 -Hotel California | Take It EasyThe Eagles
75%
1969 -Rocket Man | I’m Still StandingElton John
72%
1985 -La chanson des restos | Attention au départLes Enfoirés
72%
2016 -Fête de trop | KidEddy de Pretto
68%
1983 -The Final Countdown | CarrieEurope
65%
2004 -Je fais de toi mon essentiel | Beau malheurEmmanuel Moire
64%
1961 -Couleur menthe à l’eau | La dernière séanceEddy Mitchell
62%
1954 - 1977Can’t Help Falling in Love | Jailhouse RockElvis Presley
59%
1995 -Bailando | Subeme la radioEnrique Iglesias
58%
1981 - 2005Sweet Dreams (Are Made of This) |
Sexcrime (Nineteen Eighty-Four)
Eurythmics
58%
1971 -September | Boogie WonderlandEarth, Wind & Fire
54%
1979 -Le Premier jour (Du reste de ta vie ) | Week-end à RomeÉtienne Daho
49%
1962 -Adieu mon pays | SolenzareEnrico Macias
17%

Distribution des résultats

Percentile par nombre de réponses

% des personnes avec chaque résultat

Votre développement - résultats

Vous n’avez pas pris ce quiz depuis la dernière actualisation